Polarización electoral, economía del voto y voto castigo en Venezuela: 1958-1988 /

Gespeichert in:
Bibliographische Detailangaben
1. Verfasser: Rey, Juan Carlos
Format: Text
Tags: Tag hinzufügen
Keine Tags, Fügen Sie den ersten Tag hinzu!

MARC

LEADER 00000 a a2200000 04500
001 47040
003
040
100 |a Rey, Juan Carlos  
245 |a Polarización electoral, economía del voto y voto castigo en Venezuela:   |b 1958-1988 /  |c Juan Carlos Rey  
773 |g número12, (1994), páginas 3-95 : tablas, gráficos  
999 |c 23505  |d 23505